|
|
|
|
| LEADER |
00000nab a2200000 a 4500 |
| 001 |
vtls001496035 |
| 003 |
SK-MaSNL |
| 005 |
20260304160541.0 |
| 008 |
250505c2003 xo g 0 slo |
| 015 |
|
|
|a SNBCL2005/2
|
| 035 |
|
|
|a (uuid)27aec1e4-c1db-4e86-bd83-da5a05be137f
|
| 035 |
|
|
|a urn:nbn:sk:snk-abbydh
|
| 035 |
|
|
|a (urnnbn)urn:nbn:sk:snk:ar-0018d6
|
| 040 |
|
|
|a SNKBUCL
|b slo
|c SNKBUCL
|e AACR2
|
| 041 |
1 |
|
|a eng
|h eng
|
| 044 |
|
|
|a xo
|c SK
|
| 080 |
|
|
|a 582.2:504(620):061.3
|2 1981
|
| 100 |
1 |
|
|a Coesel, Peter F. M.
|4 aut
|9 261715
|
| 245 |
1 |
0 |
|a Closterium karnakense spec. nov. and the issue of ecotypic differentiation in desmids
|c Peter F.M. Coesel
|
| 300 |
|
|
|b Obr.
|
| 504 |
|
|
|a Res. angl.
|
| 504 |
|
|
|a Bibliogr. odkazy
|
| 650 |
0 |
7 |
|a riasy
|2 SNKPH
|9 3712
|
| 650 |
0 |
7 |
|a ekológia
|2 SNKPH
|9 785
|
| 650 |
0 |
7 |
|a morfogenéza
|2 SNKPH
|9 18595
|
| 650 |
0 |
7 |
|a kongresy (publikačný typ)
|2 SNKPH
|9 846472
|
| 650 |
0 |
7 |
|a rozmnožovanie (biológia)
|2 SNKPH
|9 79678
|
| 650 |
0 |
7 |
|a sladká voda
|2 SNK
|9 1257090
|
| 650 |
0 |
7 |
|a genetika
|2 SNKPH
|9 698
|
| 651 |
|
7 |
|a Egypt
|2 SNKPHgeo
|9 16952
|
| 773 |
0 |
|
|t Biologia
|g Vol. 58, no. 4 (2003), s. 639-643
|x 0006-3088
|
| 850 |
|
|
|a Slovenská národná knižnica
|
| 852 |
|
|
|a Slovenská národná knižnica
|
| 954 |
|
|
|a odborná, vedecká literatúra cudzojazyčná (svetová)
|2 lita
|
| 958 |
|
|
|a article15
|
| 958 |
|
|
|a OND
|
| 958 |
|
|
|a EUIPO
|
| 999 |
|
|
|c 2967713
|d 2969643
|